00909ngm a2200265 4500003000400000005001700004007000400021008004100025010002000066024002100086035002000107040001300127082001500140245006700155260002800222300005000250440003300300500014000333500004400473538005000517650001900567700001900586700002100605700001700626dpl20090318155059.0DVD||||||sp199 xxu|||||c ||| 00| 0 ng d  aDVD-001827-1829 aVENF 0104c49.00 aDVD-001827-1829 aDPLcDPL aDVD / SUDD aSuddenly /cA Lewis Allen Film Presentsh[videorecording] DVD/ bMoserbaer Entertainment a1 videodisc VCD;bsd., col. ;c4 3/4 in.fVCD aMoserbaer Home Entertainment aMoserbaer India Ltd. has obtained the necessary licence/conssent from the owner of the copyright in the wroks for making this DVD Film. aOne man will change their lives forever aDolby Digital 5.1 -English Subtitles: English aMotion Picture aSinatra, Frank aHayden, Sterling aAllen, Lewis